Missing Word: Top 100 TV Quotes I Quiz Stats

 Plays Quiz Updated Mar 14, 2016

Challenge
Share
Tweet
Embed
Score 0/21 Timer 02:00
0 Plays Today
Quote Missing Word % Correct
Yabba ___ do!dabba
94.5%
Ask not what your ___ can do for you…country
90.9%
You're ___!fired
89.6%
___. You're on Candid Camera.Smile
83.9%
Whatchoo talkin' 'bout, ___?Willis
83.7%
Let's get ready to ___.rumble
82.1%
Here's ___!Johnny
76.7%
Where's the ___?beef
76.5%
Suit __!up
66.7%
The thrill of victory, the ___ of defeatagony
61.2%
Tell me what you don't like about ___.yourself
60.6%
Quote Missing Word % Correct
I'm not a ___, but I play one on TV.doctor
57.5%
Who ___ you, Baby?loves
48.9%
… if it weren't for you ___ kids!meddling
48.7%
Well, isn't that ___?special
48.2%
Homey don't ___ thatplay
40.7%
Let's be ___ out there.careful
32%
I'm ___, this is my brother Darryl…Larry
26.5%
Baby, you're the ___.greatest
26.2%
That's ___hot
20.4%
___ assume …Never
14.7%

Today's Daily Dose

Missing Word
Britpop Albums

Word Ladder
Sing It!

On This Day
December 14th II

You're not logged in!

Compare scores with friends on all Sporcle quizzes.
OR
Log In

You Might Also Like...

Show Comments

Extras

Top Quizzes Today


Score Distribution

Your Account Isn't Verified!

In order to create a playlist on Sporcle, you need to verify the email address you used during registration. Go to your Sporcle Settings to finish the process.

Report this User

Report this user for behavior that violates our Community Guidelines.

Details: